000 00387nam a2200145Ia 4500
008 230917s9999||||xx |||||||||||||| ||und||
040 _e44127
_aMAIN
041 _aEnglish
082 _a491.22 B469P:S
100 _aPatnaik, Tandra
245 0 _aSabda: A study of Bhartrhari's philosophy of language
260 _aNew Delhi
_bD K Printworld
_c1994
300 _axv, 178 p.
942 _cBK
999 _c80098
_d80098